000 00412pab a2200157 454500
008 180718b2002 xxu||||| |||| 00| 0 eng d
100 _aRoy, Meena Singh
245 _aIndia - Kazakhstan: emerging ties
260 _c2002
300 _ap.48-64.
362 _aJan-Mar
650 _aIndia - Foreign relations - Kazakhstan
650 _aInternational relations
773 _aStrategic Analysis
909 _a52029
999 _c52029
_d52029